Mobile communications. (Record no. 6929)

MARC details
000 -LEADER
fixed length control field 00612nam a22002172 4500
001 - CONTROL NUMBER
control field 0000005228
005 - DATE AND TIME OF LATEST TRANSACTION
control field 20151217151957.0
008 - FIXED-LENGTH DATA ELEMENTS--GENERAL INFORMATION
fixed length control field 070608s xx 000 0 eng d
020 ## - INTERNATIONAL STANDARD BOOK NUMBER
International Standard Book Number 8177582631 :
040 ## - CATALOGING SOURCE
Original cataloging agency KABU
Transcribing agency KABU
050 #0 - LIBRARY OF CONGRESS CALL NUMBER
Classification number TK6570
Item number .M6S35 2003
100 1# - MAIN ENTRY--PERSONAL NAME
Personal name Schiller, Jochen H.
-- 0000156403
245 10 - TITLE STATEMENT
Title Mobile communications.
250 ## - EDITION STATEMENT
Edition statement 2nd ed.
260 ## - PUBLICATION, DISTRIBUTION, ETC. (IMPRINT)
Place of publication, distribution, etc. New Delhi :
Name of publisher, distributor, etc. Dorling Kindersley,
Date of publication, distribution, etc. 2003.
300 ## - PHYSICAL DESCRIPTION
Extent 512 p.
650 #0 - SUBJECT ADDED ENTRY--TOPICAL TERM
Topical term or geographic name as entry element Mobile communication systems.
-- 0000156404
852 1# - LOCATION
-- p5979 KES
908 ## - PUT COMMAND PARAMETER (RLIN)
Put command parameter 070608
950 ## - LOCAL HOLDINGS (RLIN)
-- 1
Holdings
Withdrawn status Lost status Source of classification or shelving scheme Not for loan Home library Current library Date acquired Total Checkouts Full call number Barcode Date last seen Price effective from Koha item type Date last checked out
    Library of Congress Classification   Kabarak, Main Campus Kabarak, Main Campus 17/12/2015   TK6570 .M6S35 2003 c. 2 18152 17/12/2015 17/12/2015 General Collection  
    Library of Congress Classification   Kabarak, Main Campus Kabarak, Main Campus 17/12/2015 1 TK6570 .M6S35 2003 c. 1 008249 08/11/2021 17/12/2015 General Collection 22/10/2021
Designed with assistance from East African Informatics Ltd